<?xml version="1.0" encoding="UTF-8"?>
<record
    xmlns:xsi="http://www.w3.org/2001/XMLSchema-instance"
    xsi:schemaLocation="http://www.loc.gov/MARC21/slim http://www.loc.gov/standards/marcxml/schema/MARC21slim.xsd"
    xmlns="http://www.loc.gov/MARC21/slim">

  <leader>00795nam a22001337a 4500</leader>
  <datafield tag="040" ind1=" " ind2=" ">
    <subfield code="c">Phnom Penh</subfield>
  </datafield>
  <datafield tag="082" ind1=" " ind2=" ">
    <subfield code="a">AGR POK 2010 B044 Or.1</subfield>
  </datafield>
  <datafield tag="100" ind1=" " ind2=" ">
    <subfield code="a">POK, PANHA.</subfield>
  </datafield>
  <datafield tag="245" ind1=" " ind2=" ">
    <subfield code="a">System of rice intensification adoption and adaptation improvement in tramkok district takeo province &#x1780;&#x17B6;&#x179A;&#x179C;&#x17B7;&#x179C;&#x178F;&#x17D2;&#x178F;&#x1793;&#x17C3;&#x1780;&#x17B6;&#x179A;&#x1791;&#x1791;&#x17BD;&#x179B;&#x1799;&#x1780;&#x1794;&#x1785;&#x17D2;&#x1791;&#x17C1;&#x1780;&#x1791;&#x17C1;&#x179F;&#x1794;&#x17D2;&#x179A;&#x1796;&#x17D0;&#x1793;&#x17D2;&#x1792;&#x1794;&#x17D2;&#x179A;&#x1796;&#x179B;&#x179C;&#x1794;&#x17D2;&#x1794;&#x1780;&#x1798;&#x17D2;&#x1798;&#x178A;&#x17C6;&#x178E;&#x17B6;&#x17C6;&#x179F;&#x17D2;&#x179A;&#x17BC;&#x179C;&#x178F;&#x17B6;&#x1798;&#x1782;&#x17C4;&#x179B;&#x1780;&#x17B6;&#x179A;&#x178E;&#x17CD;&#x1792;&#x1798;&#x17D2;&#x1798;&#x1787;&#x17B6;&#x178F;&#x17B7;&#x179A;&#x1794;&#x179F;&#x17CB;&#x1780;&#x179F;&#x17B7;&#x1780;&#x179A;&#x179F;&#x17D2;&#x179A;&#x17BB;&#x1780;&#x178F;&#x17D2;&#x179A;&#x17B6;&#x17C6;&#x1780;&#x1780;&#x17CB; &#x1781;&#x17C1;&#x178F;&#x17D2;&#x178F;&#x178F;&#x17B6;&#x1780;&#x17C2;&#x179C;</subfield>
  </datafield>
  <datafield tag="260" ind1=" " ind2=" ">
    <subfield code="a">Phnom Penh</subfield>
    <subfield code="b">RUA</subfield>
    <subfield code="c">2010</subfield>
  </datafield>
  <datafield tag="300" ind1=" " ind2=" ">
    <subfield code="a">xv; 86p.</subfield>
    <subfield code="b">ill.</subfield>
    <subfield code="c">29cm.</subfield>
  </datafield>
  <datafield tag="856" ind1=" " ind2=" ">
    <subfield code="u">https://drive.google.com/file/d/1xcc1JSoEI7fuhgmQX8x1qMFjsrXtiqh_/view?usp=sharing</subfield>
  </datafield>
  <datafield tag="942" ind1=" " ind2=" ">
    <subfield code="c">AGR</subfield>
  </datafield>
  <datafield tag="999" ind1=" " ind2=" ">
    <subfield code="c">1053</subfield>
    <subfield code="d">1053</subfield>
  </datafield>
  <datafield tag="952" ind1=" " ind2=" ">
    <subfield code="0">0</subfield>
    <subfield code="1">0</subfield>
    <subfield code="2">ddc</subfield>
    <subfield code="4">0</subfield>
    <subfield code="6">AGR_POK_2010_000000000000000_B044_OR_1</subfield>
    <subfield code="7">0</subfield>
    <subfield code="9">4345</subfield>
    <subfield code="a">LBB</subfield>
    <subfield code="b">LBB</subfield>
    <subfield code="c">B044</subfield>
    <subfield code="d">2015-09-22</subfield>
    <subfield code="o">AGR POK 2010 B044 Or.1</subfield>
    <subfield code="p">RUA000262</subfield>
    <subfield code="r">2015-09-22</subfield>
    <subfield code="w">2015-09-22</subfield>
    <subfield code="y">AGR</subfield>
  </datafield>
  <datafield tag="952" ind1=" " ind2=" ">
    <subfield code="0">0</subfield>
    <subfield code="1">0</subfield>
    <subfield code="2">ddc</subfield>
    <subfield code="4">0</subfield>
    <subfield code="6">AGR_POK_2010_000000000000000_B044_OR_2</subfield>
    <subfield code="7">0</subfield>
    <subfield code="9">4346</subfield>
    <subfield code="a">LBB</subfield>
    <subfield code="b">LBB</subfield>
    <subfield code="c">B044</subfield>
    <subfield code="d">2015-09-22</subfield>
    <subfield code="o">AGR POK 2010 B044 Or.2</subfield>
    <subfield code="p">RUA000559</subfield>
    <subfield code="r">2015-09-22</subfield>
    <subfield code="w">2015-09-22</subfield>
    <subfield code="y">AGR</subfield>
  </datafield>
  <datafield tag="952" ind1=" " ind2=" ">
    <subfield code="0">0</subfield>
    <subfield code="1">0</subfield>
    <subfield code="2">ddc</subfield>
    <subfield code="4">0</subfield>
    <subfield code="6">AGR_POK_2010_000000000000000_B044_OR_3</subfield>
    <subfield code="7">0</subfield>
    <subfield code="9">4347</subfield>
    <subfield code="a">LBB</subfield>
    <subfield code="b">LBB</subfield>
    <subfield code="c">B044</subfield>
    <subfield code="d">2015-09-22</subfield>
    <subfield code="l">1</subfield>
    <subfield code="o">AGR POK 2010 B044 Or.3</subfield>
    <subfield code="p">RUA000775</subfield>
    <subfield code="r">2016-10-10</subfield>
    <subfield code="s">2016-09-19</subfield>
    <subfield code="w">2015-09-22</subfield>
    <subfield code="y">AGR</subfield>
  </datafield>
  <datafield tag="952" ind1=" " ind2=" ">
    <subfield code="0">0</subfield>
    <subfield code="1">0</subfield>
    <subfield code="2">ddc</subfield>
    <subfield code="4">0</subfield>
    <subfield code="6">AGR_POK_2010_000000000000000_B044_OR_4</subfield>
    <subfield code="7">0</subfield>
    <subfield code="9">4348</subfield>
    <subfield code="a">LBB</subfield>
    <subfield code="b">LBB</subfield>
    <subfield code="c">B044</subfield>
    <subfield code="d">2015-09-22</subfield>
    <subfield code="l">2</subfield>
    <subfield code="m">2</subfield>
    <subfield code="o">AGR POK 2010 B044 Or.4</subfield>
    <subfield code="p">RUA000701</subfield>
    <subfield code="r">2016-10-04</subfield>
    <subfield code="s">2016-08-08</subfield>
    <subfield code="w">2015-09-22</subfield>
    <subfield code="y">AGR</subfield>
  </datafield>
  <datafield tag="952" ind1=" " ind2=" ">
    <subfield code="0">0</subfield>
    <subfield code="1">0</subfield>
    <subfield code="2">ddc</subfield>
    <subfield code="4">0</subfield>
    <subfield code="6">AGR_POK_2010_000000000000000_B044_OR_5</subfield>
    <subfield code="7">0</subfield>
    <subfield code="9">4349</subfield>
    <subfield code="a">LBB</subfield>
    <subfield code="b">LBB</subfield>
    <subfield code="c">B044</subfield>
    <subfield code="d">2015-09-22</subfield>
    <subfield code="l">1</subfield>
    <subfield code="o">AGR POK 2010 B044 Or.5</subfield>
    <subfield code="p">RUA000557</subfield>
    <subfield code="r">2016-10-17</subfield>
    <subfield code="s">2016-10-10</subfield>
    <subfield code="w">2015-09-22</subfield>
    <subfield code="y">AGR</subfield>
  </datafield>
  <datafield tag="952" ind1=" " ind2=" ">
    <subfield code="0">0</subfield>
    <subfield code="1">0</subfield>
    <subfield code="2">ddc</subfield>
    <subfield code="4">0</subfield>
    <subfield code="6">AGR_POK_2010_000000000000000_B044_OR_6</subfield>
    <subfield code="7">0</subfield>
    <subfield code="9">58456</subfield>
    <subfield code="a">LBB</subfield>
    <subfield code="b">LBB</subfield>
    <subfield code="d">2017-01-16</subfield>
    <subfield code="o">AGR POK 2010 B044 Or.6</subfield>
    <subfield code="p">A05657</subfield>
    <subfield code="r">2017-01-16</subfield>
    <subfield code="w">2017-01-16</subfield>
    <subfield code="y">AGR</subfield>
  </datafield>
</record>
